00367nam a2200133Ia 4500008004100000041000800041082001500049100001800064245004000082250000800122260004200130300001900172520004200191240719s9999 xx 000 0 und d aeng a344.01 KAU aKaushik, Anil aGuide to Workplace Labour Solutions a3rd aAllahabadbLID PUBLISHING HOUSEc2023 a592;. P. 22 cm aFaculty Purchase by Dr. Senthil Kumar